Rural delivery review (Record no. 103444)

MARC details
000 -LEADER
fixed length control field 01467cam a2200241 4500
001 - CONTROL NUMBER
control field J125613
008 - FIXED-LENGTH DATA ELEMENTS--GENERAL INFORMATION
fixed length control field 111205n2003 000 0 eng u
035 ## - SYSTEM CONTROL NUMBER
System control number (Sirsi) u125613
041 ## - LANGUAGE CODE
Language code of text/sound track or separate title eng
050 ## - LIBRARY OF CONGRESS CALL NUMBER
Classification number 630.1
-- 18
100 ## - MAIN ENTRY--PERSONAL NAME
Personal name Haskins of Skidby, Christopher Robin Haskins
Titles and words associated with a name Baron
240 ## - UNIFORM TITLE
Uniform title Lord Haskin's report
245 ## - TITLE STATEMENT
Title Rural delivery review
Remainder of title a report on the delivery of government policies in rural England
260 ## - PUBLICATION, DISTRIBUTION, ETC.
Place of publication, distribution, etc. London
Name of publisher, distributor, etc. DEFRA
Date of publication, distribution, etc. 2003
520 ## - SUMMARY, ETC.
Summary, etc. This report outlines how rural delivery arrangements should evolve, taking account of wider developments in government such as the commitment to devolution and moves to make public services more accountable and locally responsive. The report highlights specific areas for improvement and makes key recommendations concerning accountability, satisfying regional and local priorities, the number of organisations involved, lack of co-ordination and confused customers. The report concludes that current arrangements for delivering Defra's rural policies are incapable of coping effectively with the changes that lie ahead whilst delivering value for money to the taxpayer.
650 ## - SUBJECT ADDED ENTRY--TOPICAL TERM
Topical term or geographic name entry element RURAL POLICY
650 ## - SUBJECT ADDED ENTRY--TOPICAL TERM
Topical term or geographic name entry element RURAL DEVELOPMENT
650 ## - SUBJECT ADDED ENTRY--TOPICAL TERM
Topical term or geographic name entry element DEFRA
650 ## - SUBJECT ADDED ENTRY--TOPICAL TERM
Topical term or geographic name entry element MODERNISATION
690 ## - LOCAL SUBJECT ADDED ENTRY--TOPICAL TERM (OCLC, RLIN)
Topical term or geographic name as entry element Rural
9 (RLIN) 6268
856 ## - ELECTRONIC LOCATION AND ACCESS
Uniform Resource Identifier <a href="https://webarchive.nationalarchives.gov.uk/+/http://www.berr.gov.uk/files/file10719.pdf">https://webarchive.nationalarchives.gov.uk/+/http://www.berr.gov.uk/files/file10719.pdf</a>
Public note View the report at http://webarchive.nationalarchives.gov.uk
942 ## - ADDED ENTRY ELEMENTS (KOHA)
Suppress in OPAC 0
Holdings
Withdrawn status Lost status Source of classification or shelving scheme Damaged status Not for loan Home library Current library Shelving location Date acquired Total Checkouts Full call number Barcode Date last seen Copy number Price effective from Koha item type
    Dewey Decimal Classification     Virtual Virtual Online 15/06/2004   ONLINE PUBLICATION 125613-2001 06/08/2019 1 06/08/2019 Book